Loading...
| Philosophy | 1 | 6 | 3 | 1 | 60 | 84 | 104.29 | 1 | 5 | 0.00 | 0.00 |
| Literature - World | 0 | 6 | 0 | 1 | 60 | 123 | 136.33 | 0 | 1 | 0.00 | 0.00 |
| Literature - European | 0 | 5 | 0 | 0 | 50 | 122 | 133.60 | 0 | 0 | 0.00 | 0.00 |
| Literature - American | 1 | 2 | 0 | 0 | 35 | 67 | 113.67 | 0 | 1 | 0.00 | 0.00 |
| Visual Arts | 0 | 4 | 1 | 0 | 35 | 87 | 107.25 | 0 | 1 | 0.00 | 0.00 |
| History - American | 1 | 2 | 0 | 0 | 35 | 57 | 99.67 | 0 | 0 | 0.00 | 0.00 |
| Literature - British | 0 | 3 | 0 | 0 | 30 | 124 | 130.00 | 0 | 1 | 0.00 | 0.00 |
| Beliefs | 0 | 3 | 1 | 0 | 25 | 84 | 97.00 | 0 | 1 | 0.00 | 0.00 |
| History - European | 0 | 2 | 0 | 1 | 20 | 111 | 119.50 | 0 | 0 | 0.00 | 0.00 |
| Fine Arts - Classical Music and Opera | 0 | 2 | 1 | 0 | 15 | 104 | 119.50 | 0 | 0 | 0.00 | 0.00 |
| Other Academic | 0 | 1 | 0 | 0 | 10 | 85 | 85.00 | 0 | 1 | 0.00 | 0.00 |
| History - Other | 0 | 1 | 0 | 0 | 10 | 108 | 108.00 | 0 | 0 | 0.00 | 0.00 |
| History - Ancient | 0 | 1 | 0 | 0 | 10 | 127 | 127.00 | 0 | 0 | 0.00 | 0.00 |
| Science - Biology | 0 | 1 | 0 | 1 | 10 | 131 | 131.00 | 0 | 0 | 0.00 | 0.00 |
| Fine Arts - Other Arts | 0 | 1 | 1 | 0 | 5 | 94 | 94.00 | 0 | 0 | 0.00 | 0.00 |
| Social Science | 0 | 1 | 2 | 1 | 0 | 104 | 104.00 | 0 | 0 | 0.00 | 0.00 |
| History - World | 0 | 0 | 1 | 0 | -5 | 0.00 | 0 | 0 | 0.00 | 0.00 | |
| Science - Other | 0 | 0 | 1 | 0 | -5 | 0.00 | 0 | 0 | 0.00 | 0.00 |